000
00312nam a22001337a 4500
008
181022b xxu||||| |||| 00| 0 eng d
020
_a
9780471125174
041
_a
eng
080
_a
621
100
_a
27
101
_a
ENG
245
_a
Modeling And Analysis Dynamic Systems
_c
Frederick.C
942
_2
udc
_c
BK
999
_c
50359
_d
50359